Managing built heritage (Record no. 104001)

MARC details
000 -LEADER
fixed length control field 01202cam a22002655a 4500
001 - CONTROL NUMBER
control field L128732
008 - FIXED-LENGTH DATA ELEMENTS--GENERAL INFORMATION
fixed length control field 050208s2008 xxka f 000 0 eng u
020 ## - INTERNATIONAL STANDARD BOOK NUMBER
International Standard Book Number 9781405119788
035 ## - SYSTEM CONTROL NUMBER
System control number (Sirsi) u128732
041 0# - LANGUAGE CODE
Language code of text/sound track or separate title eng
050 04 - LIBRARY OF CONGRESS CALL NUMBER
Classification number 690.241 $2 18
100 ## - MAIN ENTRY--PERSONAL NAME
Personal name Worthing, Derek
245 00 - TITLE STATEMENT
Title Managing built heritage
Remainder of title the role of cultural significance
260 ## - PUBLICATION, DISTRIBUTION, ETC.
Place of publication, distribution, etc. Oxford
Name of publisher, distributor, etc. Blackwell Publishing
Date of publication, distribution, etc. 2008
300 ## - PHYSICAL DESCRIPTION
Extent v, 220p.
Other physical details col. ill.
Dimensions 25cm.
350 ## - PRICE (NR) (BK AM CF MU VM SE) [OBSOLETE]
Price 45
505 2# - FORMATTED CONTENTS NOTE
Formatted contents note Introduction to the concept of managing through significance -- Asset types, their managers and management implications -- Cultural significance -- Conservation plans -- Managing use and change -- Epilogue: sustainability and the built cultural heritage
520 ## - SUMMARY, ETC.
Summary, etc. Looks at the ways in which cultural significance of buildings can be determined, and the ways in which it can inform the management of the built cultural heritage. Uses relevant examples to illustrate current approaches and best practice.
521 ## - TARGET AUDIENCE NOTE
Target audience note Advanced
590 ## - LOCAL NOTE (RLIN)
Local note KA
651 #4 - SUBJECT ADDED ENTRY--GEOGRAPHIC NAME
Geographic name United Kingdom
Chronological subdivision
690 ## - LOCAL SUBJECT ADDED ENTRY--TOPICAL TERM (OCLC, RLIN)
Topical term or geographic name as entry element BUILT ENVIRONMENT-BUILDING TYPES-ANCIENT MONUMENTS AND HISTORIC BUILDINGS
700 1# - ADDED ENTRY--PERSONAL NAME
Personal name Bond, Stephen
942 ## - ADDED ENTRY ELEMENTS (KOHA)
Suppress in OPAC 0
Holdings
Withdrawn status Lost status Source of classification or shelving scheme Damaged status Not for loan Home library Current library Shelving location Date acquired Cost, normal purchase price Total Checkouts Full call number Barcode Date last seen Date last checked out Copy number Cost, replacement price Price effective from Koha item type
    Dewey Decimal Classification     London London Books 04/04/2008 45.00 8 690.241 WOR 30072691 06/08/2019 15/12/2009 1 45.00 06/08/2019 Book